[Event "Schwarzach A"]
[Site "?"]
[Date "1997.08.27"]
[Round "5.15"]
[White "Wimmer, Alfred"]
[Black "Mojzis, Jaroslav"]
[Result "1/2-1/2"]
[WhiteElo "2070"]
[BlackElo "2215"]
[PlyCount "106"]
[EventDate "1996.??.??"]

1. Nc3 e5 2. Nf3 Nc6 3. d4 exd4 4. Nxd4 Bc5 5. Nf5 Qf6 6. e4 Nge7 7. Ne3 O-O 8.
g3 d6 9. Bg2 Re8 10. O-O Be6 11. Ned5 Bxd5 12. Nxd5 Nxd5 13. Qxd5 h6 14. c3 Re7
15. Kh1 Rae8 16. f4 Bb6 17. Bd2 Nd8 18. Rae1 Qe6 19. c4 Nc6 20. Bc3 Bd4 21.
Bxd4 Qxd5 22. cxd5 Nxd4 23. Rd1 Nc2 24. Rd3 Nb4 25. Rb3 a5 26. a3 Na6 27. Rxb7
Nc5 28. Rb5 Nxe4 29. Bxe4 Rxe4 30. Rf2 a4 31. Rd2 g5 32. fxg5 hxg5 33. Kg2 Kg7
34. b3 axb3 35. Rxb3 Re2+ 36. Rxe2 Rxe2+ 37. Kg1 g4 38. Rb4 f5 39. Rc4 Rd2 40.
Rxc7+ Kf6 41. Rc1 Ke5 42. Ra1 Kxd5 43. a4 Kc6 44. a5 Kb7 45. a6+ Ka7 46. Ra4
Rd5 47. Kg2 Re5 48. h4 gxh3+ 49. Kxh3 Re6 50. Ra5 Rf6 51. Kh4 Rf8 52. Kg5 Rg8+
53. Kxf5 Rxg3 1/2-1/2

[Event "Schwarzach A"]
[Site "?"]
[Date "1997.08.27"]
[Round "5.16"]
[White "Podlesnik, Bogdan"]
[Black "Brunnsteiner, Mario"]
[Result "1-0"]
[WhiteElo "2425"]
[BlackElo "2030"]
[PlyCount "81"]
[EventDate "1996.??.??"]

1. e4 c5 2. Nf3 Nc6 3. d4 cxd4 4. Nxd4 g6 5. Nc3 Bg7 6. Be3 Nf6 7. Be2 O-O 8.
f4 d5 9. e5 Ne4 10. Nxe4 dxe4 11. Nxc6 bxc6 12. Qxd8 Rxd8 13. O-O Rb8 14. b3 a5
15. Bc4 Bf5 16. Rad1 Rxd1 17. Rxd1 Kf8 18. Kf2 Ke8 19. Rd2 Bf8 20. Bc5 h5 21.
Ke3 Bg7 22. a4 g5 23. g3 h4 24. Bd4 gxf4+ 25. gxf4 h3 26. Bc5 Bf8 27. c3 Ra8
28. Ra2 {} 28... Kd7 29. Bxf7 e6 30. Rd2+ Kc7 31. Bd6+ Kb6 32. c4 Bh6 33. c5+
Ka6 34. Rd1 Ra7 35. Be8 Rg7 36. Bxc6 Rg2 37. Bb5+ Ka7 38. Bc7 Bg4 39. Bb6+ Kb7
40. Rd7+ Kc8 41. c6 1-0

[Event "Schwarzach A"]
[Site "?"]
[Date "1997.08.27"]
[Round "5.17"]
[White "Hertel, Peter"]
[Black "Hazdra, Thomas"]
[Result "1-0"]
[WhiteElo "2300"]
[BlackElo "2086"]
[PlyCount "109"]
[EventDate "1996.??.??"]

1. e4 g6 2. d4 Bg7 3. c4 e6 4. Nc3 Ne7 5. Nf3 d6 6. Be3 Nd7 7. Qd2 h6 8. O-O-O
a6 9. Kb1 Nf6 10. h3 b6 11. Nh2 Bb7 12. f3 h5 13. Be2 d5 14. cxd5 exd5 15. e5
Nd7 16. Bg5 Nf8 17. f4 Ne6 18. h4 Qd7 19. g4 Nc6 20. Qe3 Nxg5 21. hxg5 Ne7 22.
f5 gxf5 23. gxh5 O-O-O 24. Qf4 c5 25. Rc1 Qe6 26. Nf3 Kb8 27. dxc5 bxc5 28. Na4
c4 29. Nc5 Qb6 30. Nxb7 Kxb7 {} 31. h6 Bf8 32. Nh4 Nc6 33. Nxf5 Ba3 34. Qd2
Nxe5 35. Rh3 Qg6 36. Rxa3 Qxf5+ 37. Ka1 Nc6 38. Rf1 Qd7 39. Raf3 Ne5 40. Rf6
Qe7 41. Bh5 Qc5 42. Bxf7 d4 43. Qc2 d3 44. Qd2 Ka7 45. Bh5 Rd4 46. g6 c3 47.
bxc3 Nc4 48. Rf7+ Kb8 49. Qf2 Ne3 50. Qb2+ Qb5 51. Qxb5+ axb5 52. cxd4 Rc8 53.
Rf8 Nxf1 54. Rxc8+ Kxc8 55. g7 1-0

[Event "Schwarzach A"]
[Site "?"]
[Date "1997.08.27"]
[Round "5.18"]
[White "Severgin, Valentin"]
[Black "Heil, Walter"]
[Result "1-0"]
[WhiteElo "2260"]
[BlackElo "2060"]
[PlyCount "79"]
[EventDate "1996.??.??"]

1. e4 e5 2. Nf3 Nc6 3. Bc4 Nf6 4. d3 Bc5 5. c3 d6 6. O-O Bg4 7. h3 Bh5 8. Nbd2
a6 9. Bb3 h6 10. Re1 g5 11. g4 Qd7 12. Nh2 Bg6 13. Qf3 Qe7 14. Nhf1 O-O-O 15.
Ng3 Nd7 16. a4 Rdf8 17. Bd5 Nd8 18. b4 Ba7 19. Ndf1 c6 20. Bb3 Ne6 21. Be3 Bb8
22. Bxe6 fxe6 23. Qe2 d5 24. b5 axb5 25. axb5 c5 26. Qc2 Qd6 27. Ra4 Nb6 28.
Ra2 d4 29. Bc1 Rf7 30. Ba3 Rc7 31. cxd4 exd4 32. Rc1 Qe5 33. Qd1 {} 33... Be8
34. Bxc5 Nd7 35. Bb4 Nb6 36. Ba5 Qd6 37. Rac2 Rhh7 38. e5 Qd5 39. Bxb6 Bxb5 40.
Rc5 1-0

[Event "Schwarzach A"]
[Site "?"]
[Date "1997.08.27"]
[Round "5.19"]
[White "Bened, Andreas"]
[Black "Moeschinger, Markus"]
[Result "1/2-1/2"]
[WhiteElo "2042"]
[BlackElo "2255"]
[PlyCount "29"]
[EventDate "1996.??.??"]

1. e4 e5 2. f4 exf4 3. Nc3 c6 4. Nf3 d5 5. exd5 Nf6 6. d4 Bd6 7. Qe2+ Qe7 8.
Qxe7+ Kxe7 9. Ne5 Nxd5 10. Nxd5+ cxd5 11. Bxf4 Bf5 12. O-O-O Nc6 13. Bb5 f6 14.
Bxc6 Bxe5 15. dxe5 1/2-1/2

[Event "Schwarzach A"]
[Site "?"]
[Date "1997.08.27"]
[Round "5.20"]
[White "Ljubic, Pero"]
[Black "Riemelmoser, Oliver"]
[Result "0-1"]
[WhiteElo "1988"]
[BlackElo "2230"]
[PlyCount "70"]
[EventDate "1996.??.??"]

1. e4 e6 2. d4 d5 3. e5 c5 4. c3 Nc6 5. Be3 Nh6 6. Nf3 Nf5 7. Bd3 Qb6 8. Qd2
Bd7 9. Bxf5 exf5 10. O-O Be6 11. Rd1 Be7 12. a3 a5 13. Bg5 Bxg5 14. Nxg5 O-O
15. f4 a4 16. Qf2 cxd4 17. cxd4 Na5 18. Nc3 Nc4 19. Rab1 Qb3 20. Rd3 h6 21. Rh3
hxg5 22. Nxd5 Bxd5 23. Rxb3 axb3 24. fxg5 {} 24... Be4 25. Re1 Bc2 26. Qh4
Rfe8 27. Rf1 Nxb2 28. Rf3 Ra6 29. Rh3 Kf8 30. d5 Nd3 31. Qc4 Kg8 32. e6 fxe6
33. g6 b2 34. Qxc2 Rb6 35. Qb1 Rc8 0-1

[Event "Schwarzach A"]
[Site "?"]
[Date "1997.08.28"]
[Round "6.1"]
[White "Klovans, Janis"]
[Black "Beim, Valery"]
[Result "1-0"]
[WhiteElo "2465"]
[BlackElo "2535"]
[PlyCount "77"]
[EventDate "1996.??.??"]

1. e4 d6 2. d4 Nf6 3. Nc3 g6 4. f4 Bg7 5. Nf3 O-O 6. Bd3 Na6 7. O-O c5 8. d5
Bg4 9. h3 Bxf3 10. Qxf3 Nd7 11. Be3 Qa5 12. Kh1 Rac8 13. Bd2 c4 14. Be2 Nb6 15.
a4 Nd7 16. Qf2 Qb6 17. Bc1 Nac5 18. Bf3 a6 19. a5 Qd8 20. Be3 Bxc3 21. bxc3 Nf6
22. Qe1 e6 23. dxe6 fxe6 24. Bd4 Nfd7 25. Qg3 Qe8 26. e5 d5 27. Rab1 Qf7 28.
Be3 Rc7 29. Qe1 Qf5 30. Rc1 Qf7 31. g4 Qe7 32. Bg2 Kh8 33. Bd4 Nb8 {} 34. f5
gxf5 35. gxf5 Rg8 36. f6 Qf7 37. Qe3 Nbd7 38. Rg1 Rcc8 39. Bf3 1-0

[Event "Schwarzach A"]
[Site "?"]
[Date "1997.08.28"]
[Round "6.2"]
[White "Piven, Igor"]
[Black "Burmakin, Vladimir"]
[Result "1-0"]
[WhiteElo "2367"]
[BlackElo "2550"]
[PlyCount "113"]
[EventDate "1996.??.??"]

1. c4 e6 2. Nf3 d5 3. d4 c6 4. Nbd2 Nf6 5. g3 b5 6. c5 Nbd7 7. Qc2 e5 8. Nxe5
Nxe5 9. dxe5 Nd7 10. Nb3 Nxe5 11. Bg2 Be7 12. O-O f5 13. Nd4 Qd7 14. Rd1 Rb8
15. Bf4 Bf6 16. Bh3 g5 17. Bxf5 Qc7 18. Bxe5 Bxe5 19. Bxc8 Qxc8 20. e4 O-O 21.
exd5 cxd5 22. Qb3 Qd7 23. Nf3 Bxb2 24. Rxd5 Qf7 {} 25. Rxg5+ Bg7 26. Ne5 Qxb3
27. axb3 Rb7 28. Ra6 Re8 29. f4 b4 30. Kg2 Kh8 31. Kf3 Rc8 32. Nc4 Bf8 33. c6
Rbc7 34. Rga5 Rxc6 35. Rxc6 Rxc6 36. Rxa7 Rc8 37. g4 Rd8 38. Ne5 Rd1 39. Nd7
Be7 40. Ne5 Bf8 41. Rd7 Rh1 42. Kg3 Rg1+ 43. Kh4 Rh1 44. h3 Kg8 45. g5 Rf1 46.
Kg4 Rb1 47. Rd3 Rc1 48. h4 h6 49. Kh5 hxg5 50. hxg5 Rc8 51. Ng6 Bc5 52. f5 Rc7
53. Ne5 Rh7+ 54. Kg4 Bb6 55. f6 Rh1 56. Rd7 Bc5 57. Rg7+ 1-0

[Event "Schwarzach A"]
[Site "?"]
[Date "1997.08.28"]
[Round "6.3"]
[White "Jusic, Zdenko"]
[Black "Hardicsay, Peter"]
[Result "1/2-1/2"]
[WhiteElo "2370"]
[BlackElo "2355"]
[PlyCount "66"]
[EventDate "1996.??.??"]

1. e4 c5 2. Nf3 Nc6 3. Bb5 e6 4. Bxc6 bxc6 5. e5 f6 6. Qe2 fxe5 7. Nxe5 Nf6 8.
f4 Be7 9. O-O O-O 10. d3 Qc7 11. Nd2 Ba6 12. b3 Rae8 13. Bb2 Bc8 14. Qf3 Bd8
15. Nec4 d6 16. Rae1 Ba6 17. Re2 Qd7 18. Qh3 Bc8 19. Ref2 Qc7 20. Qg3 Kh8 21.
Rf3 Rf7 22. Qe1 Kg8 23. a4 Ref8 24. Kh1 Nd7 25. Ne4 Be7 26. Qg3 Kh8 27. Ng5
Bxg5 28. Qxg5 Ba6 29. Nd2 Nf6 30. Rh3 Rg8 31. Re1 Re8 32. Rg3 Nd5 33. Ne4 e5 {
Weitere Zuege konnten nicht rekonstruiert werden, Remis im 56. Zug.} 1/2-1/2

[Event "Schwarzach A"]
[Site "?"]
[Date "1997.08.28"]
[Round "6.4"]
[White "Herndl, Harald"]
[Black "Kniest, Oliver"]
[Result "1/2-1/2"]
[WhiteElo "2365"]
[BlackElo "2240"]
[PlyCount "105"]
[EventDate "1996.??.??"]

1. d4 d5 2. c4 e6 3. Nf3 c5 4. e3 Nc6 5. Nc3 Nf6 6. a3 a6 7. dxc5 Bxc5 8. b4
Ba7 9. Bb2 O-O 10. Qc2 Qe7 11. Rd1 Rd8 12. Be2 dxc4 13. Rxd8+ Nxd8 14. Ne4 Nxe4
15. Qxe4 Bd7 16. Bxc4 Rc8 17. Ne5 Be8 18. O-O Bb8 19. Bb3 f6 20. Nf3 Bf7 21.
Nd4 Qc7 22. f4 e5 23. Bxf7+ Nxf7 24. Nf5 Qd7 25. fxe5 Nxe5 26. Bxe5 Bxe5 27.
Qg4 Rd8 28. h4 Kf8 29. h5 Qf7 30. Nh4 Bc7 31. e4 Bb6+ 32. Kh1 Qc4 33. Qf5 Re8
34. h6 Rxe4 35. hxg7+ Kg8 36. g3 Qc6 37. Qf3 Kxg7 38. Kh2 Re6 39. Nf5+ Kf8 40.
Qg4 Qc2+ 41. Kh3 Qe2 42. Qg7+ Ke8 43. Qg8+ Kd7 44. Qxh7+ Kc8 45. Qh8+ Bd8 46.
Rc1+ Rc6 {} 47. Qh7 Qe6 48. Rd1 Rc7 49. Qg6 Rd7 50. Rxd7 Qxd7 51. Qg4 Kb8 52.
Qe4 Bc7 53. Kg4 1/2-1/2

[Event "Schwarzach A"]
[Site "?"]
[Date "1997.08.28"]
[Round "6.5"]
[White "Balinov, Ilija"]
[Black "Vigh, Bela"]
[Result "1-0"]
[WhiteElo "2560"]
[BlackElo "2395"]
[PlyCount "145"]
[EventDate "1996.??.??"]

1. e4 e6 2. d4 d5 3. Nc3 Nf6 4. e5 Nfd7 5. f4 c5 6. Nf3 Nc6 7. Be3 Qb6 8. a3
cxd4 9. Nxd4 Bc5 10. Na4 Qa5+ 11. c3 Bxd4 12. Bxd4 Nxd4 13. Qxd4 b6 14. Qb4
Qxb4 15. axb4 Bb7 16. Bb5 Ke7 17. Kd2 Rhc8 18. Rhe1 Rc7 19. Bxd7 Kxd7 20. b3
Rac8 21. Re3 Ke7 22. Rg3 Kf8 23. Nb2 Bc6 24. Nd3 Bb5 25. Ne1 a5 26. bxa5 Ra7
27. a6 Rxa6 28. Rxa6 Bxa6 29. Nc2 Bf1 30. Ke1 Bb5 31. Re3 Ra8 32. Kd2 Bf1 33.
g3 Bh3 34. c4 dxc4 35. bxc4 Bf5 36. Na3 Rd8+ 37. Kc3 Ke7 38. Nb5 Rd1 39. Nd6
Rc1+ 40. Kb4 {} 40... Kd7 41. Nxf7 Rc2 42. Ra3 Rb2+ 43. Kc3 Rc2+ 44. Kd4 Rd2+
45. Kc3 Rc2+ 46. Kb3 Rxh2 47. Ra7+ Kc6 48. Nd8+ Kc5 49. Rc7+ Kd4 50. Nc6+ Ke4
51. Rxg7 Rg2 52. Ne7 Bg6 53. Kb4 Rxg3 54. f5 exf5 55. e6 Re3 56. Nd5 Re1 57.
Nxb6 f4 58. Rf7 f3 59. Nd5 Bxf7 60. exf7 Rb1+ 61. Kc3 Rb8 62. Nf6+ Ke3 63. Ne8
f2 64. f8=Q Ke2 65. Qe7+ Kd1 66. Qd6+ Ke1 67. Qe5+ Kd1 68. Qxb8 f1=Q 69. Qb1+
Ke2 70. Qd3+ Kf2 71. Qf5+ Kg1 72. Qxf1+ Kxf1 73. Nf6 1-0

[Event "Schwarzach A"]
[Site "?"]
[Date "1997.08.28"]
[Round "6.6"]
[White "Staller, Peter"]
[Black "Zoler, Dan"]
[Result "0-1"]
[WhiteElo "2345"]
[BlackElo "2465"]
[PlyCount "64"]
[EventDate "1996.??.??"]

1. c4 c5 2. Nc3 Nc6 3. g3 g6 4. Bg2 Bg7 5. e3 e5 6. a3 Nge7 7. Rb1 d6 8. Nge2
Be6 9. Nd5 Qd7 10. Nec3 O-O 11. Qa4 Bf5 12. Ne4 Nxd5 13. cxd5 Bxe4 14. Bxe4 Nb8
15. Qd1 c4 16. h4 Na6 17. Bc2 Qb5 18. e4 Nc5 19. h5 Nd3+ 20. Kf1 f5 21. hxg6
hxg6 22. Bxd3 cxd3 23. b3 Rf7 24. Kg2 Raf8 25. f3 {} 25... fxe4 26. fxe4 Rf2+
27. Kh3 Kf7 28. g4 Ke7 29. Kg3 Qe8 30. g5 Qf7 31. Qg4 Rg2+ 32. Kxg2 Qf2+ 0-1

[Event "Schwarzach A"]
[Site "?"]
[Date "1997.08.28"]
[Round "6.7"]
[White "Hresc, Vladimir"]
[Black "Doric, Nenad"]
[Result "1-0"]
[WhiteElo "2425"]
[BlackElo "2250"]
[PlyCount "53"]
[EventDate "1996.??.??"]

1. e4 c5 2. Nf3 e6 3. d4 cxd4 4. Nxd4 Nf6 5. Bd3 Nc6 6. Nxc6 dxc6 7. O-O e5 8.
f4 Bc5+ 9. Kh1 Ng4 10. Qe1 Qd4 11. h3 Nf2+ 12. Kh2 exf4 13. Bxf4 Be6 14. Nc3
Rd8 15. a3 O-O 16. Be2 f5 17. Bg3 fxe4 18. Rxf2 Rxf2 {} 19. Rd1 Qxd1 20. Bxd1
Rfd2 21. Qxe4 Bd5 22. Nxd5 Rxd1 23. Ne3 R1d4 24. Qe6+ Kh8 25. Nf5 Rd1 26. Be5
Bf8 27. Nh6 1-0

[Event "Schwarzach A"]
[Site "?"]
[Date "1997.08.28"]
[Round "6.8"]
[White "Hecht, Hans Joachim"]
[Black "Mandekic, Ivan"]
[Result "1-0"]
[WhiteElo "2405"]
[BlackElo "2270"]
[PlyCount "115"]
[EventDate "1996.??.??"]

1. d4 Nf6 2. Nf3 e6 3. c4 b6 4. a3 Ba6 5. e3 Be7 6. Bd3 O-O 7. e4 d5 8. e5 Ne8
9. cxd5 Bxd3 10. Qxd3 exd5 11. Nc3 c6 12. O-O Nc7 13. Bf4 Ne6 14. Bg3 a5 15.
Rad1 Na6 16. h4 g6 17. h5 Nac7 18. Ne2 Ng7 19. h6 Nf5 20. Bf4 Nh4 21. Nh2 Qd7
22. g3 Nf5 23. Kg2 g5 24. Bc1 Nxh6 25. Rh1 Nf5 26. Nf3 h6 27. g4 Nh4+ 28. Nxh4
gxh4 29. Bxh6 Qxg4+ 30. Kh2 Kh8 31. Rhg1 Qe4 32. Bxf8 Rxf8 33. Qxe4 dxe4 34.
Rc1 c5 35. dxc5 bxc5 36. Nc3 f5 37. exf6 Rxf6 38. Nxe4 Rf4 39. Rce1 Nb5 40. Kh3
Nd4 41. Ng5 Nf3 42. Nxf3 Rxf3+ 43. Kg4 Rf7 44. f4 Bf6 45. Rg2 Rg7+ 46. Kf3 Rxg2
47. Kxg2 Bxb2 48. a4 Kg7 49. Re6 Kf7 {} 50. Rc6 Bd4 51. Kh3 Ke7 52. f5 Kd7 53.
Re6 Bg7 54. Kxh4 c4 55. Kg5 c3 56. Re4 Bf8 57. Rc4 Bb4 58. Kf4 1-0

[Event "Schwarzach A"]
[Site "?"]
[Date "1997.08.28"]
[Round "6.9"]
[White "Brumen, Dinko"]
[Black "Hertel, Peter"]
[Result "1-0"]
[WhiteElo "2365"]
[BlackElo "2300"]
[PlyCount "55"]
[EventDate "1996.??.??"]

1. d4 g6 2. e4 Bg7 3. Nc3 d6 4. Nf3 Nf6 5. Bc4 O-O 6. Qe2 c6 7. e5 dxe5 8. dxe5
Nd5 9. Bd2 Bg4 10. Qe4 Bxf3 11. gxf3 e6 12. h4 Nd7 13. f4 N7b6 14. O-O-O Qe7
15. Bd3 Nd7 16. Qg2 Nxc3 17. Bxc3 Nc5 18. h5 Rfd8 19. hxg6 hxg6 20. Rh3 Nxd3+
21. cxd3 Qc5 22. Rdh1 Kf8 23. Qg5 Ke8 24. Rh7 Bf8 {} 25. Rxf7 Rxd3 26. Rxf8+
Qxf8 27. Qxg6+ Kd8 28. Qxd3+ 1-0

[Event "Schwarzach A"]
[Site "?"]
[Date "1997.08.28"]
[Round "6.10"]
[White "Martin, Andreas"]
[Black "Shaked, Tal"]
[Result "0-1"]
[WhiteElo "2215"]
[BlackElo "2500"]
[PlyCount "102"]
[EventDate "1996.??.??"]

1. e4 e6 2. d4 d5 3. Nc3 Bb4 4. e5 c5 5. Bd2 Nh6 6. a3 Bxc3 7. Bxc3 b6 8. b4
Qc7 9. dxc5 bxc5 10. Nf3 cxb4 11. Bxb4 a5 12. Bd2 Ng4 13. Bb5+ Bd7 14. Qe2 Bxb5
15. Qxb5+ Nd7 16. O-O O-O 17. Qd3 {} 17... Ngxe5 18. Nxe5 Nxe5 19. Qg3 Qxc2
20. Bc3 Ng6 21. Rac1 Qf5 22. Bd2 a4 23. Rc3 Rfc8 24. Rf3 Qe5 25. Qh3 Rc4 26.
Re1 Re4 27. Rfe3 Rxe3 28. Rxe3 Qb2 29. Bb4 d4 30. Re1 Qc2 31. Qg4 Rd8 32. h4 d3
33. h5 d2 34. Rd1 Ne5 35. Qe2 Nc4 36. h6 Rd4 37. Qf3 Qd3 38. Qc6 gxh6 39. Be7
Kg7 40. Qe8 Qf5 41. Qxa4 Re4 42. f3 Re1+ 43. Kf2 Qe5 44. Rxd2 Nxd2 45. Qg4+ Kh8
46. Bf6+ Qxf6 47. Kxe1 Qc3 48. Kd1 Nc4 49. Qf4 Ne3+ 50. Ke2 Qc2+ 51. Kxe3 Qc1+
0-1

[Event "Schwarzach A"]
[Site "?"]
[Date "1997.08.28"]
[Round "6.11"]
[White "Lada, Ireneusz"]
[Black "Podlesnik, Bogdan"]
[Result "0-1"]
[WhiteElo "2145"]
[BlackElo "2425"]
[PlyCount "56"]
[EventDate "1996.??.??"]

1. c4 Nf6 2. Nc3 c5 3. Nf3 e6 4. g3 d5 5. cxd5 Nxd5 6. Bg2 Be7 7. O-O Nc6 8. d4
O-O 9. Nxd5 exd5 10. dxc5 Bxc5 11. Bg5 Qd7 12. Rc1 Bb6 13. Ne1 h6 14. Bf4 Rd8
15. Nd3 Qe7 16. Bd2 Bg4 17. Re1 Nd4 18. Bf1 Re8 19. Nf4 Rad8 20. h3 Bf5 21. Be3
Qf6 22. Qa4 {} 22... Rxe3 23. fxe3 Nc6 24. Qb3 Qe5 25. Rc3 g5 26. g4 Bg6 27.
Ng2 Qg3 28. Rd1 Be4 0-1

[Event "Schwarzach A"]
[Site "?"]
[Date "1997.08.28"]
[Round "6.12"]
[White "Neckar, Lubomir"]
[Black "Hlavnicka, Jiri"]
[Result "1-0"]
[WhiteElo "2360"]
[BlackElo "2210"]
[PlyCount "33"]
[EventDate "1996.??.??"]

1. Nf3 Nf6 2. c4 g6 3. g3 Bg7 4. Bg2 O-O 5. d4 d5 6. cxd5 Nxd5 7. O-O Nc6 8.
Nc3 Nb6 9. e3 e5 10. d5 Ne7 11. e4 Bg4 12. a4 f5 {} 13. Qb3 Kh8 14. Ng5 fxe4
15. h3 Bc8 16. d6 Qxd6 17. Rd1 1-0

[Event "Schwarzach A"]
[Site "?"]
[Date "1997.08.28"]
[Round "6.13"]
[White "Donegani, Hans Peter"]
[Black "Severgin, Valentin"]
[Result "0-1"]
[WhiteElo "2120"]
[BlackElo "2260"]
[PlyCount "124"]
[EventDate "1996.??.??"]

1. e4 c5 2. Nf3 d6 3. d4 cxd4 4. Nxd4 Nf6 5. Nc3 g6 6. Be2 Bg7 7. O-O O-O 8.
Bg5 Nc6 9. Nb3 a6 10. f4 b5 11. Bf3 Bb7 12. Nd5 Nxd5 13. exd5 Na5 14. Nxa5 Qxa5
15. c3 Rfe8 16. a3 Qa4 17. Qd2 h6 18. Bh4 Qc4 19. Rad1 Rac8 20. Rfe1 Kf8 21.
Bf2 Qc7 22. Bg4 Ra8 23. f5 g5 24. h4 Qc4 25. Bf3 Qf4 26. hxg5 Qxd2 27. Rxd2
hxg5 28. Be3 Bf6 29. Kf2 Kg7 30. Rh1 Rh8 31. Rdd1 Rh4 32. g3 Rhh8 33. Rxh8 Rxh8
34. Kg2 Ba8 35. Rh1 g4 36. Be4 Rxh1 37. Kxh1 Be5 38. Kh2 Kf6 39. a4 bxa4 40.
Bd2 Bb7 41. Kg2 {} 41... Bc8 42. Bc2 Bxf5 43. Bxa4 Be4+ 44. Kf2 Bxd5 45. Bd1
Kf5 46. Be2 a5 47. Bd1 Bc6 48. Bc2+ Ke6 49. Be3 a4 50. Bd1 f5 51. Bc2 a3 52.
bxa3 Bxc3 53. Bb6 Kf6 54. a4 e5 55. a5 Ke6 56. a6 d5 57. a7 Ba8 58. Bd3 e4 59.
Ba6 d4 60. Bc8+ Kf6 61. Bd8+ Kg6 62. Be6 e3+ 0-1

[Event "Schwarzach A"]
[Site "?"]
[Date "1997.08.28"]
[Round "6.14"]
[White "Groetz, Harald"]
[Black "Kjeld, Matthias"]
[Result "1-0"]
[WhiteElo "2248"]
[BlackElo "2100"]
[PlyCount "71"]
[EventDate "1996.??.??"]

1. e4 c6 2. d4 d5 3. Nd2 dxe4 4. Nxe4 Nd7 5. Bc4 Ngf6 6. Ng5 e6 7. Qe2 Nb6 8.
Bd3 h6 9. N5f3 c5 10. dxc5 Bxc5 11. Bd2 a5 12. Ne5 O-O 13. Ngf3 Qc7 14. g4 Nbd7
15. g5 hxg5 16. Nxd7 Bxd7 17. O-O-O g4 18. Ne5 Bd4 19. Nxd7 Qxd7 20. h3 Qd5 21.
hxg4 Qxa2 22. c3 Rfc8 23. g5 Nd5 24. Qe4 Qa1+ 25. Bb1 Kf8 26. Qxd4 Ke7 27. g6
a4 28. Bg5+ f6 {} 29. Bxf6+ gxf6 30. Rh7+ Kd6 31. Qb4+ Rc5 32. Rxd5+ exd5 33.
Qf4+ Kc6 34. Qc7+ Kb5 35. Qxb7+ Kc4 36. Qb4# 1-0

[Event "Schwarzach A"]
[Site "?"]
[Date "1997.08.28"]
[Round "6.15"]
[White "Riemelmoser, Oliver"]
[Black "Wimmer, Alfred"]
[Result "1/2-1/2"]
[WhiteElo "2230"]
[BlackElo "2070"]
[PlyCount "94"]
[EventDate "1996.??.??"]

1. Nf3 d5 2. c4 e6 3. b3 Nf6 4. Bb2 Be7 5. g3 O-O 6. Bg2 c5 7. cxd5 Nxd5 8. O-O
Nc6 9. d4 cxd4 10. Nxd4 Bd7 11. e4 Ndb4 12. a3 Nxd4 13. Qxd4 e5 14. Qd2 Nc6 15.
b4 Be6 16. Qe3 Nd4 17. Rd1 Qc7 18. Nd2 b5 19. Rac1 Qb6 20. Nf3 Nxf3+ 21. Qxf3
f6 22. Rd3 Rac8 23. Qd1 Rxc1 24. Bxc1 Rc8 25. Be3 Qc7 26. Bf3 a6 27. Bg4 Qc6
28. h3 Rc7 {} 29. Rd8+ Bf8 30. Bc5 Rc8 31. Bxe6+ Qxe6 32. Qd5 Qxd5 33. Rxd5
Kf7 34. Bxf8 Kxf8 35. Rd6 Ra8 36. Kg2 Ke7 37. Rb6 Ra7 38. f4 Kf7 39. Kf3 exf4
40. gxf4 Ke7 41. Kg4 Kf7 42. h4 Re7 43. Kf3 Ra7 44. e5 fxe5 45. fxe5 Re7 46.
Ke4 Re6 47. Rb8 Re8 1/2-1/2

[Event "Schwarzach A"]
[Site "?"]
[Date "1997.08.28"]
[Round "6.17"]
[White "Moeschinger, Markus"]
[Black "Kievelitz, Bernd"]
[Result "1/2-1/2"]
[WhiteElo "2255"]
[BlackElo "2130"]
[PlyCount "93"]
[EventDate "1996.??.??"]

1. c4 Nf6 2. Nc3 c5 3. g3 g6 4. Bg2 Bg7 5. Nf3 O-O 6. O-O Nc6 7. d4 cxd4 8.
Nxd4 Nxd4 9. Qxd4 d6 10. Qd3 Rb8 11. Be3 b6 12. Bd4 Bb7 13. Nd5 Nd7 14. Bxg7
Kxg7 15. Rad1 Bxd5 16. cxd5 a5 17. Bh3 Nc5 18. Qd4+ Kg8 19. b3 f5 20. f3 Rf6
21. g4 Qf8 22. gxf5 Qh6 23. Bg2 Rxf5 24. f4 Qg7 25. Qc4 b5 26. Qc1 b4 27. Kh1
Rbf8 28. e4 Rh5 29. f5 Qe5 30. Qf4 Qxf4 31. Rxf4 gxf5 32. Rdf1 Nd3 33. Rxf5
Rhxf5 34. exf5 Kf7 35. f6 exf6 36. Be4 Nc5 37. Bxh7 Re8 38. Rg1 Re5 39. h3 Rg5
40. Rxg5 fxg5 41. Kg2 Kf6 42. Kf3 a4 43. Bc2 a3 44. Bb1 Nd7 45. Ke4 Ne5 46. Bc2
Kg6 47. Bd1 1/2-1/2

[Event "Schwarzach A"]
[Site "?"]
[Date "1997.08.28"]
[Round "6.18"]
[White "Peschel, Andreas"]
[Black "Besner, Bernhard"]
[Result "1-0"]
[WhiteElo "2105"]
[BlackElo "2220"]
[PlyCount "53"]
[EventDate "1996.??.??"]

1. d4 d5 2. c4 e6 3. Nc3 c5 4. cxd5 cxd4 5. Qxd4 Nc6 6. Qd1 exd5 7. Qxd5 Bd7 8.
Nf3 Nf6 9. Qd1 Bc5 10. e3 Qe7 11. Be2 O-O-O 12. O-O g5 13. Nd4 h5 14. a3 g4 15.
b4 Bd6 16. Ncb5 Bb8 17. Qc2 Ne4 {} 18. Nxa7+ Bxa7 19. b5 Bxd4 20. exd4 f5 21.
d5 Qc5 22. Qxc5 Nxc5 23. bxc6 bxc6 24. Bf4 Be8 25. dxc6 Nd3 26. Bxd3 Rxd3 27.
Rab1 1-0

[Event "Schwarzach A"]
[Site "?"]
[Date "1997.08.28"]
[Round "6.19"]
[White "Joppien, Arne"]
[Black "Navratil, Robert"]
[Result "1-0"]
[WhiteElo "2100"]
[BlackElo "2180"]
[PlyCount "65"]
[EventDate "1996.??.??"]

1. d4 g6 2. c4 Bg7 3. e4 Nc6 4. Nf3 e5 5. d5 Nd4 6. Nxd4 exd4 7. Bd3 c5 8. O-O
d6 9. Bf4 Nf6 10. h3 O-O 11. Nd2 Qe7 12. Bh2 Nd7 13. f4 g5 14. g3 gxf4 15. gxf4
Qh4 16. Rf3 Kh8 17. Kh1 b6 18. Qf1 Bb7 19. Rg3 Rg8 20. Nf3 Qe7 21. Qe2 Bf6 22.
e5 Rxg3 23. Bxg3 Rg8 24. Kh2 dxe5 {} 25. Qe4 Nf8 26. fxe5 Bg5 27. Rf1 Bc8 28.
Nxg5 Qxg5 29. Bh4 Qh6 30. Rxf7 Rg6 31. e6 Nxe6 32. dxe6 Rxe6 33. Rxh7+ 1-0

[Event "Schwarzach A"]
[Site "?"]
[Date "1997.08.28"]
[Round "6.20"]
[White "Brunnsteiner, Mario"]
[Black "Ljubic, Juro"]
[Result "1/2-1/2"]
[WhiteElo "2030"]
[BlackElo "2175"]
[PlyCount "79"]
[EventDate "1996.??.??"]

1. e4 c5 2. Nf3 d6 3. d4 cxd4 4. Qxd4 Bd7 5. c4 Nc6 6. Qe3 g6 7. Be2 Bg7 8. O-O
Nf6 9. Nc3 O-O 10. h3 a6 11. Bd2 Ne8 12. Nd5 Nc7 13. Bc3 e5 14. Rfd1 Nxd5 15.
Rxd5 Be6 16. Rd2 Qe7 17. Rad1 Rad8 18. b4 Qc7 19. b5 axb5 20. cxb5 Ne7 21. Bb4
Nc8 22. Ng5 Rfe8 23. Nxe6 fxe6 24. Qb3 Bf8 25. a4 b6 26. Bc4 Qf7 27. Rd3 Kh8
28. Rf3 Qb7 29. Bxe6 Qxe4 30. Bd5 Qh4 31. Bc6 Re7 32. a5 Ra7 {} 33. axb6 Nxb6
34. Qe3 Qxb4 35. Qxb6 Qa5 36. Qxa5 Rxa5 37. Rb3 Rb8 38. Rdb1 Rb6 39. Rd1 Kg7
40. Re3 1/2-1/2

[Event "Schwarzach A"]
[Site "?"]
[Date "1997.08.29"]
[Round "7.1"]
[White "Klovans, Janis"]
[Black "Piven, Igor"]
[Result "1/2-1/2"]
[WhiteElo "2465"]
[BlackElo "2367"]
[PlyCount "31"]
[EventDate "1996.??.??"]

1. e4 g6 2. d4 Bg7 3. Nc3 c6 4. f4 d5 5. e5 Nh6 6. Nf3 Bg4 7. Be3 Qb6 8. Rb1 f6
9. Be2 fxe5 10. fxe5 Nf7 11. O-O O-O 12. h3 Bxf3 13. Rxf3 e6 14. h4 Nd7 15. h5
Nh6 16. Na4 1/2-1/2

[Event "Schwarzach A"]
[Site "?"]
[Date "1997.08.29"]
[Round "7.2"]
[White "Balinov, Ilija"]
[Black "Jusic, Zdenko"]
[Result "0-1"]
[WhiteElo "2560"]
[BlackElo "2370"]
[PlyCount "136"]
[EventDate "1996.??.??"]

1. e4 e6 2. d4 d5 3. Nc3 Nf6 4. Bg5 Nc6 5. e5 h6 6. Be3 Ne4 7. Nxe4 dxe4 8. Ne2
b6 9. Nc3 Bb7 10. Qg4 Qe7 11. Qxe4 O-O-O 12. O-O-O Kb8 13. Qf4 f5 14. exf6 gxf6
15. Be2 Na5 16. Rhe1 h5 17. Qh4 Qg7 18. d5 exd5 19. Bf3 Qf7 20. Kb1 a6 21. Ne2
Bg7 22. Nd4 Qd7 23. Bf4 Bh6 24. Qxf6 Rdf8 25. Qxb6 Nc4 26. Qxc7+ Qxc7 27. Bxc7+
Kxc7 28. Ne6+ Kd6 29. Nxf8 Rxf8 30. Re2 Rf5 31. Be4 Rf6 32. Bf3 h4 33. Rd4 Bf4
34. Rxc4 dxc4 35. Bxb7 c3 36. Bxa6 Kc5 37. Bd3 cxb2 38. g3 hxg3 39. hxg3 Bc1
40. c3 Rf3 41. Be4 Rf8 42. Bg2 Rd8 43. Rc2 Rd1 44. Bf3 Rf1 45. Bh5 Rh1 46. Bf7
Re1 47. Bb3 Kb5 48. a3 Kc5 49. a4 Re7 50. f4 Rb7 51. Ba2 Re7 52. f5 Re1 53. Rg2
Kd6 54. a5 Rf1 55. g4 Kc5 56. a6 Kb6 57. Rxb2+ Bxb2+ 58. Kxb2 Rf2+ 59. Ka3 Rf4
60. Be6 Rxg4 61. f6 Rf4 62. f7 Kxa6 63. c4 Ka5 64. Kb3 Rf3+ 65. Kc2 Kb4 66. Kd2
Kc5 67. Ke2 Rf6 {} 68. Ke3 Rxe6+ 0-1